| 000 | 01585nam a2200253 a 4500 | ||
|---|---|---|---|
| 008 | 111004s2003 ||||||||||||||||| || u | ||
| 020 | _a9780721697826 | ||
| 050 | _aR 898 Int | ||
| 100 | _aCarlton, Richard R | ||
| 245 | 1 | 0 |
_aIntroduction to radiologic sciences and patient care. (3rd ed.) _cContributed by Arlene M. Adler; [and others] |
| 250 | _a3rd ed. | ||
| 260 |
_aSt. Louis, Missouri: _bSaunders/Elsevier _c2003 |
||
| 300 | _axiii, 462p.: ill. | ||
| 350 | _a0.00 | ||
| 650 | _aRADIOLOGY, MEDICAL | ||
| 650 | _aRADIOLOGIC TECHNOLOGISTS | ||
| 650 | _aMEDICINE | ||
| 700 | _aAdler, Arlene M | ||
| 995 |
_aMEDICAL LIBRARY OPEN ACCESS _D0.00 _e901185 _FCBU-SCHOOL OF MEDICINE LIBRARY (Ndola) _H1 _I0.00 _jR 898 INT _M1 _UAVAILABLE _WOct 4, 2011 _y901185 _ZMedical Library Open Access Collection |
||
| 995 |
_aMEDICAL LIBRARY OPEN ACCESS _D0.00 _e901186 _FCBU-SCHOOL OF MEDICINE LIBRARY (Ndola) _H1 _I0.00 _jR 898 INT _M2 _UAVAILABLE _WOct 4, 2011 _y901186 _ZMedical Library Open Access Collection |
||
| 995 |
_aMICHAEL CHILUFYA SATA OPEN ACCESS _D0.00 _e900229 _FCBU-SCHOOL OF MEDICINE LIBRARY (Ndola) _H1 _I0.00 _jR 898 INT _M4 _UAVAILABLE _WOct 10, 2011 _y900229 _ZMedical Library Open Access Collection |
||
| 995 |
_aMICHAEL CHILUFYA SATA OPEN ACCESS _D0.00 _e900230 _FCBU-SCHOOL OF MEDICINE LIBRARY (Ndola) _H1 _I0.00 _jR 898 INT _M5 _UAVAILABLE _WOct 10, 2011 _y900230 _ZMedical Library Open Access Collection |
||
| 995 |
_aMICHAEL CHILUFYA SATA OPEN ACCESS _D0.00 _e900228 _FCBU-SCHOOL OF MEDICINE LIBRARY (Ndola) _H1 _I0.00 _jR 898 INT _M3 _UAVAILABLE _WOct 10, 2011 _y900228 _ZMedical Library Open Access Collection |
||
| 999 |
_c64219 _d64219 |
||